00790nam a22002055i 4500001000700000003000900007005001700016008004100033040002000074100004800094245004400142250001200186260007400198300002200272490004600294830005300340852004800393999001900441952012400460161848ES-MaACL20250824073800.0010711s1886 sp |||| | spa d aCAM bspa cCAM1 aPérez Galdós, Benito,d1843-192099087110aGerona / cpor Benito Pérez Galdós. a4ª ed. aMadrid : b[s.n.], c1886 (fImprenta y litografía de La Guirnalda) a262 p. ; c17 cm.1 aEpisodios nacionales. Primera serie ; v700aEpisodios nacionales. pPrimera seriev79188350 aES-MaACLjB-5805 z-- Enc. pasta española c161848d161848 001040708LIBXIXaATENEOMbATENEOMcSPBd2008-01-17eSSCl0oB-5805p1169539r2023-02-23 00:00:00w2023-02-23yMONANT